|
|
|
|
| LEADER |
01427nam a2200361 a 4500 |
| 001 |
000076652 |
| 003 |
CZ BrMZK |
| 005 |
20220119180037.0 |
| 007 |
ta |
| 008 |
010907s1996 xr a p cze d |
| 015 |
|
|
|a cnb000148401
|
| 020 |
|
|
|a 80-85796-10-4
|
| 035 |
|
|
|a (OCoLC)37673780
|
| 040 |
|
|
|a BOA001
|b cze
|
| 072 |
|
7 |
|a 821.162.3-1
|x Česká poezie
|2 Konspekt
|9 25
|
| 072 |
|
7 |
|a 821-93
|x Literatura pro děti a mládež (beletrie)
|2 Konspekt
|9 26
|
| 080 |
|
|
|a 821.162.3-1
|2 MRF
|
| 080 |
|
|
|a 821-93
|2 MRF
|
| 080 |
|
|
|a (0:82-1)
|2 MRF
|
| 100 |
1 |
|
|a Balík, Jindřich,
|d 1928-2016
|7 jk01010692
|4 aut
|
| 245 |
1 |
0 |
|a Básničky a obrázky /
|c Jindřich Balík ; [ilustrace Jana Braná]
|
| 246 |
3 |
3 |
|a Básničky a obrázky pro malé čtenáře
|
| 250 |
|
|
|a 1. vyd.
|
| 260 |
|
|
|a Brno :
|b Schneider,
|c 1996
|
| 300 |
|
|
|a [32] s. :
|b il. ;
|c 21 cm
|
| 520 |
|
|
|a Básničky pro nejmenší čtenáře s motivy přírody a zvířátek jsou doplněny barevnými celostránkovými ilustracemi.
|
| 655 |
|
7 |
|a česká poezie
|7 fd133958
|2 czenas
|
| 655 |
|
7 |
|a publikace pro děti
|7 fd133156
|2 czenas
|
| 700 |
1 |
|
|a Braná, Jana,
|d 1951-
|7 mzk2004148514
|4 ill
|
| 856 |
4 |
1 |
|u http://www.digitalniknihovna.cz/mzk/uuid/uuid:49d09be0-f369-11e2-9923-005056827e52
|y Digitalizovaný dokument
|x NDK
|
| 910 |
|
|
|a BOA001
|b 2-1022.208
|
| 990 |
|
|
|a BK
|
| 996 |
6 |
|
|b 2610038629
|c 2-1022.208
|l MZK
|r Sklad / do 1 hodiny
|n 3
|p p.v.
|w 000076652
|u 000010
|a 1
|e BOA001
|j MZK50
|s P
|